| 000 | 00650nam a22002057a 4500 | ||
|---|---|---|---|
| 005 | 20150623115936.0 | ||
| 010 | _aENG-113095 | ||
| 020 |
_a8187891505 _c650.00 |
||
| 035 | _aEN-96627 | ||
| 037 | _bDBAD/PUB | ||
| 082 | _a954 | ||
| 245 |
_aNew aspects on Indian history : _cedited by Ashim Kumar Sarkar [and] Kaushik Chakraborty _blocal, regional, national / |
||
| 260 |
_bReaders Service _c2011 _aKolkata |
||
| 270 |
_bKolkata _e700075 _a59/5A, Garfa Main Road |
||
| 300 |
_axxxii,312p. _c22cm(Hb) |
||
| 500 | _aIncludes index | ||
| 700 | _aSarkar, Ashim Kumar | ||
| 700 | _aChakraborty, Kaushik | ||
| 942 |
_2ddc _cEN _mNEW _h954 |
||
| 999 |
_c93776 _d93776 |
||